[Event "DVM U16 2022"]
[Site "Darmstadt GER"]
[Date "2022.12.30"]
[Round "7"]
[White "Popovici, Liviu-Daniel"]
[Black "Klein, Maxim"]
[Result "0-1"]
[Termination "normal"]
[Board "9.2"]
[WhiteElo "1594"]
[BlackElo "1345"]
[WhiteClock "00:05:55"]
[BlackClock "00:40:36"]
[WhiteTeam "Schach-Club Vaterstetten-Grasbrunn"]
[BlackTeam "FC Ergolding 1932 e.V."]
[PlyCount "88"]
[WhiteFideId "1253689"]
[BlackFideId "16281632"]
[EventCountry "GER"]
[EventRounds "7"]
[EventType "team-swiss"]
[EventDate "2022.12.26"]

1. e4 c6 2. d4 d5 3. e5 Bf5 {[%clk 1:30:53]} 4. h4 h5 {[%clk 1:31:04]} 5. Bd3
{[%clk 1:31:18]} Bxd3 {[%clk 1:31:04]} 6. Qxd3 e6 {[%clk 1:31:35]} 7. Nf3
{[%clk 1:30:21]} Nd7 {[%clk 1:31:29]} 8. Bg5 {[%clk 1:28:49]} Qb6 {[%clk
1:31:29]} 9. b3 {[%clk 1:28:49]} Be7 {[%clk 1:26:27]} 10. Nbd2 {[%clk 1:23:16]}
O-O-O {[%clk 1:26:44]} 11. Bxe7 {[%clk 1:17:11]} Nxe7 {[%clk 1:26:44]} 12. c4
{[%clk 1:09:41]} f6 {[%clk 1:24:43]} 13. cxd5 {[%clk 1:09:41]} cxd5 {[%clk
1:24:43]} 14. Qe3 {[%clk 1:09:41]} Qa6 {[%clk 1:24:43]} 15. exf6 {[%clk
1:09:41]} gxf6 {[%clk 1:24:43]} 16. Qf4 {[%clk 1:09:41]} Nc6 {[%clk 1:24:43]}
17. Rc1 {[%clk 1:09:41]} e5 {[%clk 1:24:43]} 18. Qf5 {[%clk 1:09:41]} exd4
{[%clk 1:24:43]} 19. Qxd5 {[%clk 1:09:41]} Rhe8 {[%clk 1:24:43]} 20. Kd1 {[%clk
1:09:41]} Qe2 {[%clk 1:24:43]} 21. Kc2 {[%clk 1:09:41]} Nde5 {[%clk 1:24:43]}
22. Qe4 {[%clk 1:09:41]} Nxf3 {[%clk 1:24:43]} 23. Qxe2 {[%clk 1:09:41]} Rxe2
{[%clk 1:24:43]} 24. gxf3 {[%clk 1:09:41]} Rxf2 {[%clk 1:24:43]} 25. a3 {[%clk
1:09:41]} Ne5 {[%clk 1:24:43]} 26. Rhf1 {[%clk 1:09:41]} Rh2 {[%clk 1:24:43]}
27. Rh1 {[%clk 1:09:41]} Rxh1 {[%clk 1:24:43]} 28. Rxh1 {[%clk 1:09:41]} Kd7
{[%clk 1:24:43]} 29. Rd1 {[%clk 1:09:41]} d3 {[%clk 1:24:43]} 30. Kb1 {[%clk
0:22:15]} Ke6 {[%clk 0:48:16]} 31. Re1 {[%clk 0:19:17]} Kf5 {[%clk 0:48:14]}
32. Kc1 {[%clk 0:18:05]} Rc8 {[%clk 0:48:08]} 33. Kd1 {[%clk 0:17:49]} Rc2
{[%clk 0:47:26]} 34. Re3 {[%clk 0:17:13]} Ra2 {[%clk 0:47:02]} 35. Kc1 {[%clk
0:11:15]} Ra1 {[%clk 0:42:45]} 36. Kb2 {[%clk 0:11:34]} Rh1 {[%clk 0:43:11]}
37. Kc3 {[%clk 0:08:31]} Rxh4 {[%clk 0:42:59]} 38. Nc4 {[%clk 0:08:33]} Nxc4
{[%clk 0:42:03]} 39. bxc4 {[%clk 0:08:58]} Kf4 40. Kxd3 {[%clk 0:07:21]} Rh3
{[%clk 0:41:02]} 41. Re6 {[%clk 0:06:27]} Rxf3 {[%clk 0:40:52]} 42. Ke2 {[%clk
0:06:48]} Kf5 {[%clk 0:40:38]} 43. Rxf6 {[%clk 0:05:27]} Kxf6 {[%clk 0:40:36]}
44. Kxf3 {[%clk 0:05:55]} Ke5 0-1

[Event "DVM U16 2022"]
[Site "Darmstadt GER"]
[Date "2022.12.30"]
[Round "7"]
[White "Huber, Laura"]
[Black "Deiters, Clemens"]
[Result "0-1"]
[Termination "normal"]
[Board "9.3"]
[WhiteElo "1357"]
[BlackElo "1343"]
[WhiteClock "00:41:21"]
[BlackClock "00:03:24"]
[WhiteTeam "FC Ergolding 1932 e.V."]
[BlackTeam "Schach-Club Vaterstetten-Grasbrunn"]
[PlyCount "93"]
[WhiteFideId "16270940"]
[BlackFideId "16240243"]
[EventCountry "GER"]
[EventRounds "7"]
[EventType "team-swiss"]
[EventDate "2022.12.26"]

1. e4 {[%clk 1:30:59]} c5 {[%clk 1:30:52]} 2. Nc3 {[%clk 1:31:26]} Nc6 {[%clk
1:31:10]} 3. f4 {[%clk 1:31:47]} g6 {[%clk 1:31:16]} 4. Nf3 {[%clk 1:32:08]}
Bg7 {[%clk 1:31:39]} 5. d3 {[%clk 1:31:58]} a6 {[%clk 1:31:27]} 6. g3 {[%clk
1:31:40]} e6 {[%clk 1:30:06]} 7. Bg2 {[%clk 1:31:50]} Nge7 {[%clk 1:29:27]} 8.
O-O {[%clk 1:31:49]} O-O {[%clk 1:28:18]} 9. g4 {[%clk 1:22:31]} d5 {[%clk
1:27:16]} 10. e5 {[%clk 1:16:23]} b5 {[%clk 1:21:59]} 11. d4 {[%clk 1:13:49]}
cxd4 {[%clk 1:17:57]} 12. Nxd4 {[%clk 1:14:11]} Bb7 {[%clk 1:16:09]} 13. Nce2
{[%clk 1:10:56]} Nxd4 14. Nxd4 {[%clk 1:10:46]} Nc6 {[%clk 1:14:12]} 15. Nxc6
{[%clk 1:10:05]} Bxc6 {[%clk 1:14:30]} 16. g5 {[%clk 1:09:43]} Qb6 {[%clk
1:12:29]} 17. Kh1 {[%clk 1:09:53]} Rfd8 {[%clk 1:08:05]} 18. Qd3 {[%clk
1:08:09]} Rac8 {[%clk 1:04:20]} 19. c3 {[%clk 0:57:48]} b4 {[%clk 0:52:28]} 20.
Qd4 {[%clk 0:52:58]} Qxd4 {[%clk 0:41:18]} 21. cxd4 {[%clk 0:53:27]} Bb5 {[%clk
0:41:24]} 22. Rd1 {[%clk 0:52:34]} Rc2 {[%clk 0:41:15]} 23. b3 {[%clk 0:51:54]}
Rdc8 {[%clk 0:40:36]} 24. Bf1 {[%clk 0:51:10]} Bxf1 {[%clk 0:38:41]} 25. Rxf1
{[%clk 0:51:40]} Re2 {[%clk 0:37:28]} 26. a3 {[%clk 0:49:45]} Rcc2 {[%clk
0:37:14]} 27. Rd1 {[%clk 0:49:58]} Rxh2 {[%clk 0:36:06]} 28. Kg1 {[%clk
0:50:22]} Rh3 {[%clk 0:22:07]} 29. axb4 {[%clk 0:48:00]} Rxb3 {[%clk 0:21:45]}
30. Rd2 {[%clk 0:45:33]} Rxd2 {[%clk 0:17:42]} 31. Bxd2 {[%clk 0:46:02]} Rd3
{[%clk 0:18:02]} 32. Be1 {[%clk 0:44:23]} Rxd4 {[%clk 0:11:58]} 33. Rxa6 {[%clk
0:44:39]} Bf8 {[%clk 0:11:53]} 34. b5 {[%clk 0:44:05]} Bc5 {[%clk 0:11:23]} 35.
Rc6 {[%clk 0:42:03]} Rc4 {[%clk 0:11:02]} 36. Kg2 {[%clk 0:41:54]} Ba7 {[%clk
0:06:03]} 37. Bf2 {[%clk 0:39:47]} Bxf2 {[%clk 0:05:24]} 38. Kxf2 {[%clk
0:40:16]} Rb4 {[%clk 0:05:46]} 39. Rc8 {[%clk 0:39:38]} Kg7 {[%clk 0:06:06]}
40. Rb8 {[%clk 0:39:57]} Rxf4 {[%clk 0:06:04]} 41. Ke3 {[%clk 0:39:53]} Rb4
{[%clk 0:05:50]} 42. b6 {[%clk 0:40:14]} h6 {[%clk 0:04:52]} 43. gxh6 {[%clk
0:40:37]} Kxh6 {[%clk 0:05:15]} 44. b7 {[%clk 0:41:04]} Kg7 45. Kf3 Rb3 {[%clk
0:03:40]} 46. Ke2 {[%clk 0:41:21]} g5 {[%clk 0:03:24]} 47. Kf2 0-1

[Event "DVM U16 2022"]
[Site "Darmstadt GER"]
[Date "2022.12.30"]
[Round "7"]
[White "Karpen, Jakob"]
[Black "Paringer, Jakob"]
[Result "0-1"]
[Termination "normal"]
[Board "9.4"]
[WhiteElo "1345"]
[BlackElo "1298"]
[WhiteClock "01:30:46"]
[BlackClock "01:30:44"]
[WhiteTeam "Schach-Club Vaterstetten-Grasbrunn"]
[BlackTeam "FC Ergolding 1932 e.V."]
[PlyCount "50"]
[WhiteFideId "16255453"]
[BlackFideId "34605134"]
[EventCountry "GER"]
[EventRounds "7"]
[EventType "team-swiss"]
[EventDate "2022.12.26"]

1. d4 d5 2. c4 e6 3. e3 Nf6 4. Nf3 Be7 5. Nc3 O-O 6. Bd3 c6 7. O-O Nbd7 8. Re1
Qc7 9. e4 dxe4 10. Nxe4 Nxe4 11. Bxe4 Nf6 12. Bd3 b6 13. Qc2 h6 14. a3 c5 15.
dxc5 Bxc5 16. b4 Bd6 17. Bb2 Nd7 18. Qe2 Bb7 19. Be4 Bxe4 20. Qxe4 a5 21. bxa5
Rxa5 22. h3 Be7 23. Qc2 Bf6 24. Bxf6 Nxf6 25. Nd4 Rc8 26. Rec1 Rc5 27. Nb5 Qf4
28. Qd1 Ne4 29. Ra2 Rxb5 30. Rac2 Ra5 31. Ra1 Rac5 32. Qe2 Nd6 33. g3 Qe5 34.
Qd1 Nxc4 35. Rac1 Nxa3 36. Rxc5 bxc5 37. Qd7 Qb8 38. Qa4 Qa8 39. Qb3 Rb8 40.
Qc3 Rb1 41. Rxb1 Nxb1 42. Qxc5 Nd2 43. Qc3 Nf3+ 44. Kf1 Ng5 45. h4 Ne4 46. Qb2
Nxg3+ 47. Ke1 Qe4+ 48. Kd1 Qd3+ 49. Qd2 Qxd2+ 50. Kxd2 Ne4+ 51. Ke3 Nd6 52. Kf4
f6 53. f3 e5+ 54. Kg3 Kf7 55. Kg2 Ke6 56. Kf2 Kf5 57. Kg3 Nc4 58. h5 Nd2 59. f4
exf4+ 60. Kg2 Kg4 61. Kh2 Kf3 62. Kg1 Ke2 63. Kg2 f3+ 64. Kg3 f2 65. Kg4 f1=Q
66. Kg3 Qf3+ 67. Kh4 Qf4+ 68. Kh3 Ne4 69. Kg2 Qf2+ 70. Kh3 Qg3#

[Event "DVM U16 2022"]
[Site "Darmstadt GER"]
[Date "2022.12.30"]
[Round "7"]
[White "Hoffmann, Alexander"]
[Black "Goldinov, Daniel"]
[Result "0-1"]
[Termination "normal"]
[Board "10.1"]
[WhiteElo "1635"]
[BlackElo "1687"]
[WhiteClock "00:02:04"]
[BlackClock "00:01:30"]
[WhiteTeam "Karlsruher SF 1853"]
[BlackTeam "Stuttgarter SF 1879"]
[PlyCount "66"]
[WhiteFideId "16240219"]
[BlackFideId "34605649"]
[EventCountry "GER"]
[EventRounds "7"]
[EventType "team-swiss"]
[EventDate "2022.12.26"]

1. c4 {[%clk 1:30:57]} f5 {[%clk 1:30:21]} 2. g3 {[%clk 1:30:50]} Nf6 {[%clk
1:30:29]} 3. Bg2 {[%clk 1:31:05]} g6 {[%clk 1:30:46]} 4. d4 {[%clk 1:30:35]}
Bg7 {[%clk 1:31:08]} 5. Nc3 {[%clk 1:30:47]} O-O {[%clk 1:31:23]} 6. e3 {[%clk
1:30:45]} d6 {[%clk 1:31:38]} 7. Nge2 {[%clk 1:30:42]} e5 {[%clk 1:29:31]} 8.
O-O {[%clk 1:27:08]} c6 {[%clk 1:25:00]} 9. b4 {[%clk 1:20:34]} Be6 {[%clk
1:18:07]} 10. d5 {[%clk 1:07:09]} cxd5 {[%clk 1:18:08]} 11. cxd5 {[%clk
0:58:44]} Bf7 {[%clk 1:18:09]} 12. a4 {[%clk 0:57:09]} Na6 {[%clk 1:11:06]} 13.
Qb3 {[%clk 0:52:07]} Nc7 {[%clk 0:55:52]} 14. Ba3 {[%clk 0:44:12]} Qe7 {[%clk
0:46:01]} 15. Rfd1 {[%clk 0:34:59]} e4 {[%clk 0:40:03]} 16. Bb2 {[%clk
0:25:36]} Nd7 {[%clk 0:35:24]} 17. Rd2 {[%clk 0:18:07]} a5 {[%clk 0:24:44]} 18.
Ba3 {[%clk 0:12:27]} Na6 {[%clk 0:18:41]} 19. Rb1 {[%clk 0:07:24]} Rfc8 {[%clk
0:13:36]} 20. Bf1 {[%clk 0:06:27]} axb4 {[%clk 0:10:01]} 21. Bxb4 {[%clk
0:06:55]} Nac5 {[%clk 0:10:15]} 22. Qa3 {[%clk 0:06:49]} Ne5 {[%clk 0:05:01]}
23. Nd4 {[%clk 0:06:03]} Nf3 {[%clk 0:02:20]} 24. Nxf3 {[%clk 0:06:31]} exf3
{[%clk 0:02:46]} 25. Rc1 {[%clk 0:03:11]} Bxc3 {[%clk 0:02:00]} 26. Rxc3 {[%clk
0:03:29]} Ne4 {[%clk 0:02:09]} 27. Rxc8 {[%clk 0:03:57]} Rxc8 {[%clk 0:02:37]}
28. Rd1 {[%clk 0:04:03]} Qe5 {[%clk 0:01:55]} 29. Qd3 {[%clk 0:03:49]} Qb2
{[%clk 0:01:32]} 30. Be1 {[%clk 0:03:35]} Rc2 {[%clk 0:01:19]} 31. Qb5 {[%clk
0:03:38]} Rxf2 {[%clk 0:00:46]} 32. Bxf2 {[%clk 0:01:35]} Qxf2 {[%clk 0:01:11]}
33. Kh1 {[%clk 0:02:04]} Qxe3 {[%clk 0:01:30]} 0-1

[Event "DVM U16 2022"]
[Site "Darmstadt GER"]
[Date "2022.12.30"]
[Round "7"]
[White "Gotfried, Elias"]
[Black "Hoffmann, Sophia"]
[Result "1/2-1/2"]
[Termination "normal"]
[Board "10.2"]
[WhiteElo "1172"]
[BlackElo "1352"]
[WhiteClock "00:06:05"]
[BlackClock "00:13:08"]
[WhiteTeam "Stuttgarter SF 1879"]
[BlackTeam "Karlsruher SF 1853"]
[PlyCount "60"]
[WhiteFideId "34630171"]
[BlackFideId "16259130"]
[EventCountry "GER"]
[EventRounds "7"]
[EventType "team-swiss"]
[EventDate "2022.12.26"]

1. e4 {[%clk 1:30:57]} e5 {[%clk 1:30:55]} 2. Nf3 {[%clk 1:31:23]} Nc6 {[%clk
1:31:20]} 3. Bc4 {[%clk 1:31:49]} Bc5 {[%clk 1:31:45]} 4. c3 {[%clk 1:32:12]}
Nf6 {[%clk 1:32:11]} 5. d3 {[%clk 1:31:52]} d6 {[%clk 1:32:34]} 6. Bg5 {[%clk
1:32:01]} h6 {[%clk 1:31:47]} 7. Bh4 {[%clk 1:32:19]} Be6 {[%clk 1:31:09]} 8.
Bxe6 {[%clk 1:30:50]} fxe6 {[%clk 1:31:34]} 9. Qb3 {[%clk 1:31:01]} Qc8 {[%clk
1:28:30]} 10. Nbd2 {[%clk 1:18:00]} a6 {[%clk 1:16:12]} 11. Bxf6 {[%clk
1:02:38]} gxf6 {[%clk 1:16:25]} 12. h3 {[%clk 1:02:39]} Ba7 {[%clk 1:05:47]}
13. Nh2 {[%clk 0:58:09]} h5 {[%clk 1:02:32]} 14. Rf1 {[%clk 0:46:19]} Rg8
{[%clk 0:57:27]} 15. Qd1 {[%clk 0:41:03]} Rh8 {[%clk 0:47:07]} 16. Qf3 {[%clk
0:36:44]} Ke7 {[%clk 0:44:20]} 17. O-O-O {[%clk 0:36:08]} b5 {[%clk 0:41:09]}
18. g4 {[%clk 0:34:47]} hxg4 {[%clk 0:38:58]} 19. Nxg4 {[%clk 0:35:11]} Qf8
{[%clk 0:38:01]} 20. Qg3 {[%clk 0:30:02]} b4 {[%clk 0:34:39]} 21. f4 {[%clk
0:28:11]} bxc3 {[%clk 0:31:34]} 22. bxc3 {[%clk 0:28:27]} Rg8 {[%clk 0:29:24]}
23. f5 {[%clk 0:25:11]} exf5 {[%clk 0:24:55]} 24. Rxf5 {[%clk 0:24:43]} Qf7
{[%clk 0:20:10]} 25. Rdf1 {[%clk 0:14:22]} Qxa2 {[%clk 0:15:34]} 26. Rxf6
{[%clk 0:13:40]} Qa1 {[%clk 0:13:45]} 27. Kc2 {[%clk 0:12:15]} Qa4 {[%clk
0:12:24]} 28. Kc1 {[%clk 0:11:26]} Qa1 {[%clk 0:12:45]} 29. Kc2 {[%clk
0:08:07]} Qa4 {[%clk 0:13:08]} 30. Kc1 {[%clk 0:06:05]} Qa1 1/2-1/2

[Event "DVM U16 2022"]
[Site "Darmstadt GER"]
[Date "2022.12.30"]
[Round "7"]
[White "Liu, Leon"]
[Black "Sökler, Jakob"]
[Result "1/2-1/2"]
[Termination "normal"]
[Board "10.3"]
[WhiteElo "1298"]
[BlackElo "1585"]
[WhiteClock "00:01:35"]
[BlackClock "00:01:53"]
[WhiteTeam "Karlsruher SF 1853"]
[BlackTeam "Stuttgarter SF 1879"]
[PlyCount "66"]
[WhiteFideId "16275047"]
[BlackFideId "34630350"]
[EventCountry "GER"]
[EventRounds "7"]
[EventType "team-swiss"]
[EventDate "2022.12.26"]

1. e4 {[%clk 1:30:56]} c6 {[%clk 1:30:43]} 2. d4 {[%clk 1:31:22]} d5 {[%clk
1:31:08]} 3. exd5 {[%clk 1:31:44]} cxd5 {[%clk 1:31:31]} 4. Bd3 {[%clk
1:32:11]} Nc6 {[%clk 1:31:42]} 5. c3 {[%clk 1:32:37]} Nf6 {[%clk 1:32:00]} 6.
h3 {[%clk 1:32:55]} e6 {[%clk 1:31:31]} 7. Nf3 {[%clk 1:33:13]} Be7 {[%clk
1:30:25]} 8. Bf4 {[%clk 1:32:42]} O-O {[%clk 1:30:15]} 9. O-O {[%clk 1:32:38]}
Bd7 {[%clk 1:29:55]} 10. Nbd2 {[%clk 1:29:32]} Rc8 {[%clk 1:27:52]} 11. Ne5
{[%clk 1:21:44]} a6 {[%clk 1:25:22]} 12. Ndf3 {[%clk 1:15:18]} Na5 {[%clk
1:20:02]} 13. Rc1 {[%clk 1:08:32]} b5 {[%clk 1:18:56]} 14. a3 {[%clk 0:58:38]}
Nc4 {[%clk 1:15:48]} 15. Nxc4 {[%clk 0:58:33]} dxc4 {[%clk 1:11:48]} 16. Bc2
{[%clk 0:58:36]} Bc6 {[%clk 1:09:30]} 17. Ne5 {[%clk 0:57:39]} Bb7 {[%clk
1:06:39]} 18. Qe2 {[%clk 0:48:53]} Nd5 {[%clk 1:02:14]} 19. Bg3 {[%clk
0:45:41]} Bg5 {[%clk 0:49:16]} 20. Rcd1 {[%clk 0:37:52]} Qe7 {[%clk 0:37:42]}
21. Be4 {[%clk 0:34:01]} Rfd8 {[%clk 0:34:19]} 22. f4 {[%clk 0:29:57]} Bh6
{[%clk 0:34:12]} 23. Ng4 {[%clk 0:25:27]} Kh8 {[%clk 0:23:54]} 24. Rde1 {[%clk
0:20:30]} Rf8 {[%clk 0:14:37]} 25. Nxh6 {[%clk 0:17:36]} gxh6 {[%clk 0:14:55]}
26. Qh5 {[%clk 0:13:56]} f5 {[%clk 0:11:02]} 27. Bf3 {[%clk 0:09:45]} Rg8
{[%clk 0:07:04]} 28. Bh4 {[%clk 0:09:18]} Qe8 {[%clk 0:06:18]} 29. Qxe8 {[%clk
0:07:24]} Rcxe8 {[%clk 0:06:27]} 30. Bh5 {[%clk 0:07:31]} Ref8 {[%clk 0:01:55]}
31. Rxe6 {[%clk 0:02:47]} Rxg2 {[%clk 0:01:20]} 32. Kxg2 {[%clk 0:02:36]} Nxf4
{[%clk 0:01:42]} 33. Kh2 {[%clk 0:01:35]} Nxe6 {[%clk 0:01:53]} 1/2-1/2

[Event "DVM U16 2022"]
[Site "Darmstadt GER"]
[Date "2022.12.30"]
[Round "7"]
[White "Nuñez Grégoire, Daniel"]
[Black "Kossert, Simon"]
[Result "1-0"]
[Termination "normal"]
[Board "10.4"]
[WhiteElo "1650"]
[BlackElo "1299"]
[WhiteClock "01:22:29"]
[BlackClock "00:11:12"]
[WhiteTeam "Stuttgarter SF 1879"]
[BlackTeam "Karlsruher SF 1853"]
[PlyCount "63"]
[WhiteFideId "34627103"]
[BlackFideId "16283287"]
[EventCountry "GER"]
[EventRounds "7"]
[EventType "team-swiss"]
[EventDate "2022.12.26"]

1. Nf3 {[%clk 1:30:56]} Nf6 {[%clk 1:30:52]} 2. d4 {[%clk 1:31:15]} g6 {[%clk
1:31:11]} 3. e3 {[%clk 1:31:36]} Bg7 {[%clk 1:30:40]} 4. Bc4 {[%clk 1:31:52]}
d5 {[%clk 1:28:02]} 5. Bd3 {[%clk 1:31:50]} c5 {[%clk 1:25:42]} 6. Bb5 {[%clk
1:30:58]} Bd7 {[%clk 1:23:53]} 7. Bxd7 {[%clk 1:31:17]} Nbxd7 {[%clk 1:24:01]}
8. O-O {[%clk 1:31:26]} Ne4 {[%clk 1:23:59]} 9. Nbd2 {[%clk 1:30:56]} f5 {[%clk
1:19:29]} 10. c3 {[%clk 1:30:21]} O-O {[%clk 1:17:00]} 11. h3 {[%clk 1:29:51]}
e6 {[%clk 1:14:11]} 12. Nh2 {[%clk 1:25:04]} Ndf6 {[%clk 1:11:20]} 13. Nxe4
{[%clk 1:24:41]} Nxe4 {[%clk 1:09:46]} 14. Nf3 {[%clk 1:24:16]} Kf7 {[%clk
1:03:12]} 15. Nd2 {[%clk 1:23:38]} Nxd2 {[%clk 1:01:56]} 16. Bxd2 {[%clk
1:23:50]} c4 {[%clk 0:58:36]} 17. Qa4 {[%clk 1:23:24]} h5 {[%clk 0:53:33]} 18.
b3 {[%clk 1:23:10]} Qc7 {[%clk 0:52:39]} 19. bxc4 {[%clk 1:23:21]} dxc4 {[%clk
0:52:57]} 20. Rab1 {[%clk 1:23:26]} a6 {[%clk 0:51:11]} 21. Rb4 {[%clk
1:23:03]} b5 {[%clk 0:50:23]} 22. Qc2 {[%clk 1:23:19]} g5 {[%clk 0:41:03]} 23.
a4 {[%clk 1:22:56]} h4 {[%clk 0:34:03]} 24. axb5 {[%clk 1:22:42]} g4 {[%clk
0:34:02]} 25. bxa6 {[%clk 1:22:28]} Rxa6 {[%clk 0:30:02]} 26. Rfb1 {[%clk
1:22:35]} Qc6 {[%clk 0:27:41]} 27. hxg4 {[%clk 1:22:35]} fxg4 {[%clk 0:22:58]}
28. Rb7 {[%clk 1:22:53]} Kf6 {[%clk 0:22:48]} 29. Qh7 {[%clk 1:22:08]} Bh8
{[%clk 0:12:27]} 30. Qe7 {[%clk 1:22:11]} Kf5 {[%clk 0:11:06]} 31. Qxf8 {[%clk
1:22:31]} Bf6 {[%clk 0:11:12]} 32. Qc5 {[%clk 1:22:29]} 1-0